| Поле | Инд. | ПП | Название | Значение |
|---|---|---|---|---|
| Тип записи | a | |||
| Библиографический уровень | m | |||
| 001 | Контрольный номер | 1051ef4e8fcb44c5a0ac03ba8e6eb30d | ||
| 005 | Дата корректировки | 20180209143638.2 | ||
| 008 | Кодируемые данные | 171218|||||||||ru |||||||||||||||||rus|| | ||
| 020 | a | ISBN | 978-5-4222-0316-1 | |
| 041 | 0_ | a | Код языка текста | rus |
| 084 | a | Индекс другой классификации/Индекс ББК | 60.52+60.54 | |
| 090 | a | Полочн. индекс | 60.5 | |
| x | Авторский знак | Н 42 | ||
| 100 | 1_ | a | Автор | Недосека Е. В. |
| 245 | 10 | a | Заглавие | Проблемы региональной идентичности населения Кольского Севера |
| b | Продолж. заглавия | монография | ||
| c | Ответственность | М-во образования и науки Рос. Федерации, Мурман. аркт. гос. ун-т | ||
| 260 | a | Место издания | Мурманск | |
| b | Издательство | Изд-во МАГУ | ||
| c | Дата издания | 2016 | ||
| 300 | a | Объем | 112 с. | |
| b | Иллюстрации/ тип воспроизводства | ил. | ||
| 504 | a | Библиография | Библиогр.: с. 106-122 | |
| 650 | 04 | a | Основная рубрика | Социологические исследования-Идентичность-Мурманская область-Монографии |
| 651 | _4 | a | Географическое наименование | Мурманская область |
| 651 | _4 | a | Географическое наименование | Кольский Север |
| 653 | 0_ | a | Ключевые слова | Идентичность региональная |
| a | Ключевые слова | Население Мурманской области | ||
| a | Ключевые слова | Исследования социологические | ||
| a | Ключевые слова | Молодежь Мурманской области | ||
| a | Ключевые слова | Монографии | ||
| a | Ключевые слова | Социально-экономическое положение Мурманской области | ||
| a | Ключевые слова | Труды преподавателей МАГУ | ||
| 700 | 12 | a | Другие авторы | Шарова Е. Н. |
| 900 | a | Имя макрообъекта | проблемы региональной | |
| 901 | t | Тип документа | m |